[Event "Mittelrhein Verbandsliga Sued 1920"]
[Site "Mittelrhein"]
[Date "2019.11.17"]
[Round "3.4"]
[White "Weiler, Wolfgang"]
[Black "Kaganowski, Alexander"]
[Result "1/2-1/2"]
[WhiteElo "1969"]
[BlackElo "2036"]
[PlyCount "144"]
[EventDate "2019.09.29"]
[EventType "team-tourn"]
[EventRounds "9"]
[EventCountry "GER"]
[SourceTitle "EXT 2023"]
[Source "ChessBase"]
[SourceDate "2022.10.05"]
[SourceVersion "1"]
[SourceVersionDate "2022.10.05"]
[SourceQuality "1"]
[WhiteTeam "Lohmar"]
[BlackTeam "Rheinbacher SF"]
[WhiteTeamCountry "GER"]
[BlackTeamCountry "GER"]

1. e4 g6 2. Nc3 c5 3. f4 Bg7 4. Nf3 e6 5. e5 d5 6. Nb5 Bf8 7. c4 d4 8. Bd3 Bd7 9. 0-0 Nh6 10. Ng5 Bxb5 11. cxb5 Nd7 12. Ne4 Be7 13. b4 cxb4 14. a3 0-0 15. axb4 Qb6 16. Qf3 Bxb4 17. Ba3 Bxa3 18. Rxa3 f5 19. Nd6 Nc5 20. Rb1 Nf7 21. Nc4 Qc7 22. Na5 Rfc8 23. Bc4 Nd8 24. d3 b6 25. Nb3 Nxb3 26. Raxb3 Kg7 27. Ra3 Rab8 28. Rba1 Rb7 29. h4 Qd7 30. Ra4 Rcc7 31. Kf2 Nf7 32. Qd1 Nh6 33. Qb3 Ng4+ 34. Kg3 Kf7 35. Qb4 Ne3 36. Qb3 Qe7 37. Qa3 Qxa3 38. R1xa3 Nd1 39. Bb3 Nc3 40. Rb4 Rc5 41. Bc4 Rd7 42. Kf3 h6 43. Ra1 Re7 44. g3 g5 45. hxg5 hxg5 46. Rh1 Kg7 47. Rb2 g4+ 48. Kf2 Rc8 49. Ke1 Rh8 50. Rxh8 Kxh8 51. Rh2+ Kg7 52. Rh5 Na4 53. Rg5+ Kf8 54. Rg6 Nc5 55. Rh6 Kg7 56. Rh5 Re8 57. Rg5+ Kh6 58. Kd2 Nd7 59. Bxe6 Rxe6 60. Rxf5 Kg7 61. Rg5+ Rg6 62. Rh5 Kg8 63. f5 Rg7 64. e6 Nf6 65. Rh6 Nd5 66. f6 Nxf6 67. Rxf6 Rh7 68. Rg6+ Kf8 69. Rxg4 Rh2+ 70. Kc1 Ke7 71. Rxd4 Kxe6 72. Ra4 Kd5 1/2-1/2

[Event "Mittelrhein Verbandsliga-S 17/18"]
[Site "Nordrheinwestfalen"]
[Date "2018.05.06"]
[Round "11.5"]
[White "Kaganowski, Alexander"]
[Black "Weisshuhn, Gunnar"]
[Result "1/2-1/2"]
[WhiteElo "1994"]
[BlackElo "1953"]
[PlyCount "24"]
[EventDate "2017.09.10"]
[EventType "team-tourn"]
[EventRounds "11"]
[EventCountry "GER"]
[SourceTitle "EXT 2022"]
[Source "ChessBase"]
[SourceDate "2021.10.06"]
[SourceVersion "1"]
[SourceVersionDate "2021.10.06"]
[SourceQuality "1"]
[WhiteTeam "Rheinbacher SF"]
[BlackTeam "Euskirchen Turm"]
[WhiteTeamCountry "GER"]
[BlackTeamCountry "GER"]

1. a3 c5 2. Nf3 Nf6 3. g3 Nc6 4. d4 e6 5. Bg2 d5 6. 0-0 cxd4 7. Nxd4 Bc5 8. Nxc6 bxc6 9. c4 0-0 10. Nc3 Qe7 11. Qc2 Bd7 12. Na4 Bd6 1/2-1/2

[Event "Mittelrhein Verbandsliga-S 17/18"]
[Site "Nordrheinwestfalen"]
[Date "2018.04.15"]
[Round "10.4"]
[White "Kaganowski, Alexander"]
[Black "Mueller, Peter"]
[Result "1/2-1/2"]
[WhiteElo "2021"]
[BlackElo "1874"]
[PlyCount "31"]
[EventDate "2017.09.10"]
[EventType "team-tourn"]
[EventRounds "11"]
[EventCountry "GER"]
[SourceTitle "EXT 2022"]
[Source "ChessBase"]
[SourceDate "2021.10.06"]
[SourceVersion "1"]
[SourceVersionDate "2021.10.06"]
[SourceQuality "1"]
[WhiteTeam "Rheinbacher SF"]
[BlackTeam "Godesberg III"]
[WhiteTeamCountry "GER"]
[BlackTeamCountry "GER"]

1. g3 d5 2. Nf3 Nf6 3. Bg2 c6 4. d3 Bf5 5. Nh4 e6 6. Nxf5 exf5 7. 0-0 Bd6 8. e3 0-0 9. Bh3 g6 10. Nd2 Nbd7 11. b3 Be5 12. d4 Bd6 13. c4 Kg7 14. Bb2 h5 15. Nf3 Ng4 16. Bg2 1/2-1/2

[Event "Mittelrhein Verbandsliga-O 16/17"]
[Site "Nordrheinwestfalen"]
[Date "2016.10.02"]
[Round "2"]
[White "Kaganowski, Alexander"]
[Black "Wahl, Felix"]
[Result "0-1"]
[WhiteElo "2029"]
[BlackElo "2017"]
[PlyCount "120"]
[EventDate "2016.09.11"]
[EventType "team-tourn"]
[EventRounds "11"]
[EventCountry "GER"]
[SourceTitle "EXT 2022"]
[Source "ChessBase"]
[SourceDate "2021.10.06"]
[SourceVersion "1"]
[SourceVersionDate "2021.10.06"]
[SourceQuality "1"]
[WhiteTeam "Rheinbacher SF"]
[BlackTeam "Bonn Stadtverwaltung"]
[WhiteTeamCountry "GER"]
[BlackTeamCountry "GER"]

1. g3 d5 2. Bg2 e5 3. d3 Nc6 4. Nf3 Nf6 5. 0-0 Be7 6. e4 d4 7. a4 h6 8. Ne1 g5 9. Kh1 Be6 10. f4 gxf4 11. gxf4 exf4 12. Bxf4 Qd7 13. Nd2 Bh3 14. Bxh3 Qxh3 15. Bxc7 Ng4 16. Qf3 Qxf3+ 17. Rxf3 Rc8 18. Bg3 Nce5 19. Rf5 f6 20. Bxe5 Nxe5 21. Nb3 Rd8 22. Nf3 Nxf3 23. Rxf3 Rg8 24. Rg1 Rg5 25. Rf5 Rxf5 26. exf5 Rd5 27. Rf1 Bd6 28. Kg2 Kf7 29. Rf2 Kg7 30. Kh3 h5 31. Kg2 Kh6 32. h4 Bc7 33. Kf1 Bg3 34. Rf3 Bxh4 35. Rf4 Kg5 36. Rxd4 Rxf5+ 37. Ke2 Rf2+ 38. Kd1 Bg3 39. Nd2 Rg2 40. Nf3+ Kf5 41. Rb4 b6 42. Nd4+ Kg6 43. Ne2 Kg5 44. a5 bxa5 45. Rb7 Kg4 46. Rxa7 h4 47. Rg7+ Kf3 48. Rf7 Be5 49. d4 Rxe2 50. dxe5 Rxe5 51. Rxf6+ Kg4 52. Kd2 h3 53. Rg6+ Kh4 54. Rg1 h2 55. Ra1 Kg3 56. c4 Kg2 57. Kd3 Rf5 58. b3 Rf3+ 59. Kd4 h1Q 60. Rxh1 Kxh1 0-1

[Event "Mittelrhein Verbandsliga Ost 1314"]
[Site "Mittelrhein"]
[Date "2014.01.19"]
[Round "6.4"]
[White "Kaganowski, Alexander"]
[Black "Meissner, Wolf Dieter"]
[Result "1/2-1/2"]
[WhiteElo "2084"]
[BlackElo "1986"]
[PlyCount "104"]
[EventDate "2013.09.15"]
[EventType "team-tourn"]
[EventRounds "11"]
[EventCountry "GER"]
[SourceTitle "EXT 2023"]
[Source "ChessBase"]
[SourceDate "2022.10.05"]
[SourceVersion "1"]
[SourceVersionDate "2022.10.05"]
[SourceQuality "1"]
[WhiteTeam "Rheinbacher SF"]
[BlackTeam "Lohmar"]
[WhiteTeamCountry "GER"]
[BlackTeamCountry "GER"]

1. d4 e6 2. Nf3 Nf6 3. g3 c5 4. Bg2 cxd4 5. Nxd4 d5 6. 0-0 Nc6 7. c4 Nxd4 8. Qxd4 dxc4 9. Qxc4 Be7 10. Nc3 0-0 11. Rd1 Qa5 12. Qb5 Bb4 13. Qxa5 Bxa5 14. Nb5 Bd7 15. Nd6 Rab8 16. Nxb7 Bc7 17. b3 Bb5 18. Ba3 Rfc8 19. e3 Be5 20. Rac1 Be2 21. Rxc8+ Rxc8 22. Rc1 Rxc1+ 23. Bxc1 Nd5 24. Bxd5 exd5 25. f4 Bc3 26. Kf2 Bg4 27. Ba3 d4 28. Nc5 h5 29. e4 Bd1 30. Na4 Bd2 31. Bc5 Be3+ 32. Ke1 Bf3 33. Bxa7 Bxe4 34. Nb2 Bb1 35. a4 Bc2 36. b4 Bc1 37. Bxd4 Bxb2 38. Bxb2 Bxa4 39. Kd2 g6 40. Ke3 Kf8 41. Kd4 Ke7 42. Kc5 Kd7 43. Kb6 Kc8 44. Be5 Bd1 45. b5 Bf3 46. Kc5 Kb7 47. b6 Bg4 48. Bd4 Bf3 49. Kd6 Bg4 50. Ke7 Be6 51. Kf6 Kc6 52. Be3 Kb7 1/2-1/2

[Event "Mittelrhein Verbandsliga Ost 1314"]
[Site "Mittelrhein"]
[Date "2013.12.15"]
[Round "5.2"]
[White "Loeffler, Friedrich"]
[Black "Kaganowski, Alexander"]
[Result "1-0"]
[WhiteElo "1972"]
[BlackElo "2084"]
[PlyCount "71"]
[EventDate "2013.09.15"]
[EventType "team-tourn"]
[EventRounds "11"]
[EventCountry "GER"]
[SourceTitle "EXT 2023"]
[Source "ChessBase"]
[SourceDate "2022.10.05"]
[SourceVersion "1"]
[SourceVersionDate "2022.10.05"]
[SourceQuality "1"]
[WhiteTeam "Bruehl II"]
[BlackTeam "Rheinbacher SF"]
[WhiteTeamCountry "GER"]
[BlackTeamCountry "GER"]

1. d4 Nf6 2. c4 c5 3. d5 e6 4. Nc3 exd5 5. cxd5 Bd6 6. e4 Qe7 7. Bd3 Be5 8. Nge2 0-0 9. Bf4 Bxf4 10. Nxf4 Nxe4 11. Bxe4 f5 12. d6 Qe8 13. Nfd5 fxe4 14. Nc7 Qg6 15. 0-0 Nc6 16. Qd5+ Kh8 17. Nxa8 Nd4 18. Qxe4 Qxd6 19. Rae1 Qb8 20. Qe7 Rg8 21. Qxc5 Ne6 22. Rxe6 dxe6 23. Nc7 b6 24. Qd6 Bb7 25. N7b5 Qa8 26. f3 a6 27. Nc7 Qa7 28. Nxe6 b5+ 29. Qd4 Qb8 30. Rd1 h6 31. Nd8 Ba8 32. a3 Qc7 33. Ne6 Qf7 34. Qe5 Qe7 35. Nd5 Qh4 36. Ndf4 1-0

[Event "Verbandsliga Mittelrhein-Ost 1213"]
[Site "Germany"]
[Date "2012.09.09"]
[Round "1.3"]
[White "Kaganowski, Alexander"]
[Black "Gikas, Andreas Basilius"]
[Result "0-1"]
[WhiteElo "2081"]
[BlackElo "2129"]
[PlyCount "80"]
[EventDate "2012.09.09"]
[EventType "team"]
[EventRounds "11"]
[EventCountry "GER"]
[SourceTitle "EXT 2015"]
[Source "ChessBase"]
[SourceDate "2014.11.20"]
[SourceVersion "1"]
[SourceVersionDate "2014.11.20"]
[SourceQuality "1"]
[WhiteTeam "Rheinbacher SF"]
[BlackTeam "Bonn Beuel"]
[WhiteTeamCountry "GER"]
[BlackTeamCountry "GER"]

1. Nf3 d5 2. d3 Nf6 3. g3 Bf5 4. c4 e6 5. Bg2 c6 6. Qb3 Qb6 7. 0-0 Nbd7 8. Nc3 Be7 9. Be3 Qxb3 10. axb3 a6 11. Nh4 Bg4 12. h3 Bh5 13. d4 h6 14. g4 g5 15. gxh5 gxh4 16. Bf3 0-0-0 17. Bf4 Nh7 18. cxd5 exd5 19. Rfc1 Rdg8+ 20. Kh2 Kd8 21. Nxd5 Bg5 22. Bxg5+ Nxg5 23. Nf4 Nxf3+ 24. exf3 Rg5 25. Rg1 Nf6 26. Ra4 Rhg8 27. Rc1 Nd5 28. Nxd5 cxd5 29. Ra5 Kd7 30. Rac5 Kd6 31. Rc7 Rg2+ 32. Kh1 Rg1+ 33. Rxg1 Rxg1+ 34. Kxg1 Kxc7 35. Kf1 Kb6 36. Ke2 Kb5 37. Kd3 Kb4 38. Kc2 a5 39. f4 f5 40. f3 b6 0-1

[Event "Mittelrhein Verbandsliga-O 1112"]
[Site "Germany"]
[Date "2012.02.26"]
[Round "7"]
[White "Eigemann, Julian"]
[Black "Kaganowski, Alexander"]
[Result "1/2-1/2"]
[WhiteElo "2054"]
[BlackElo "2057"]
[PlyCount "26"]
[EventDate "2011.09.18"]
[EventType "team-tourn"]
[EventRounds "11"]
[EventCountry "GER"]
[SourceTitle "EXT 2013"]
[Source "ChessBase"]
[SourceDate "2012.11.22"]
[SourceVersion "1"]
[SourceVersionDate "2012.11.22"]
[SourceQuality "1"]
[WhiteTeam "Koeln Porz III"]
[BlackTeam "Rheinbacher SF"]
[WhiteTeamCountry "GER"]
[BlackTeamCountry "GER"]

1. Nc3 d5 2. e4 dxe4 3. Nxe4 Nf6 4. Nxf6+ gxf6 5. d4 Nc6 6. Be3 Bf5 7. Qf3 Bd7 8. 0-0-0 e6 9. Ne2 Qe7 10. Ng3 f5 11. Bb5 Qb4 12. Bxc6 Bxc6 13. d5 Bg7 1/2-1/2

[Event "Mittelrhein Verbandsliga-O 1112"]
[Site "Germany"]
[Date "2012.01.15"]
[Round "5"]
[White "Kaganowski, Alexander"]
[Black "Schott, Guido"]
[Result "1-0"]
[WhiteElo "2057"]
[BlackElo "2093"]
[PlyCount "105"]
[EventDate "2011.09.18"]
[EventType "team-tourn"]
[EventRounds "11"]
[EventCountry "GER"]
[SourceTitle "EXT 2013"]
[Source "ChessBase"]
[SourceDate "2012.11.22"]
[SourceVersion "1"]
[SourceVersionDate "2012.11.22"]
[SourceQuality "1"]
[WhiteTeam "Rheinbacher SF"]
[BlackTeam "Hennef"]
[WhiteTeamCountry "GER"]
[BlackTeamCountry "GER"]

1. d4 d6 2. e4 Nf6 3. Nc3 Nbd7 4. Nf3 e5 5. Bc4 Be7 6. 0-0 0-0 7. h3 c6 8. a4 b6 9. d5 Bb7 10. dxc6 Bxc6 11. Qe2 Nc5 12. Rd1 Qc7 13. Bd5 Rac8 14. Bg5 Nxd5 15. exd5 Be8 16. b4 Nb7 17. Bxe7 Qxe7 18. Nb5 Nd8 19. c4 f5 20. a5 Bh5 21. Re1 Bxf3 22. gxf3 Qg5+ 23. Kf1 Qh4 24. Qd3 Nf7 25. Nxa7 Rxc4 26. Nc6 bxa5 27. bxa5 Rf4 28. Re3 e4 29. Qc3 Qxh3+ 30. Ke2 exf3+ 31. Kd1 Qf1+ 32. Qe1 Qc4 33. Qc3 Qxd5+ 34. Rd3 Qe6 35. Re3 Re4 36. Ra3 Ne5 37. Nxe5 dxe5 38. Qb3 Rd8+ 39. Kc1 Rc4+ 40. Kb1 Rdc8 41. Rxf3 Rc1+ 42. Kb2 Qxb3+ 43. Raxb3 g6 44. Rb6 R1c6 45. Rxc6 Rxc6 46. Kb3 h5 47. Rc3 Rd6 48. Kb4 Rd2 49. a6 Rb2+ 50. Rb3 Rd2 51. a7 Rd8 52. Kc5 Rc8+ 53. Kd6 1-0

[Event "Mittelrhein-ch"]
[Site "Dueren"]
[Date "2010.06.05"]
[Round "5"]
[White "Kaganowski, Alexander"]
[Black "Schiffer, Hans Joachim"]
[Result "1-0"]
[WhiteElo "2063"]
[BlackElo "1508"]
[PlyCount "41"]
[EventDate "2010.06.02"]
[EventType "swiss"]
[EventRounds "5"]
[EventCountry "GER"]
[SourceTitle "CBM 137 Extra"]
[Source "ChessBase"]
[SourceDate "2010.09.01"]
[SourceVersion "1"]
[SourceVersionDate "2010.09.01"]
[SourceQuality "1"]

1. g3 d5 2. Bg2 e6 3. Nf3 Nf6 4. 0-0 c6 5. d3 Be7 6. Nbd2 0-0 7. e4 dxe4 8. dxe4 b5 9. Qe2 Bb7 10. Rd1 Qc7 11. a4 bxa4 12. Rxa4 Nbd7 13. e5 Nd5 14. Rg4 f6 15. exf6 N7xf6 16. Qxe6+ Rf7 17. Ng5 Nxg4 18. Nxf7 Kf8 19. Nh8 Nh6 20. Ne4 Nf6 21. Bxh6 1-0

[Event "Troisdorf op"]
[Site "Troisdorf"]
[Date "2007.10.23"]
[Round "2"]
[White "Kaganowski, Alexander"]
[Black "Heck, Ewald"]
[Result "1-0"]
[WhiteElo "1980"]
[BlackElo "1790"]
[PlyCount "99"]
[EventDate "2007.10.16"]
[EventType "swiss"]
[EventRounds "5"]
[EventCountry "GER"]
[SourceTitle "EXT 2011"]
[Source "ChessBase"]
[SourceDate "2010.11.26"]
[SourceVersion "1"]
[SourceVersionDate "2010.11.26"]
[SourceQuality "1"]

1. d4 Nf6 2. Nf3 e6 3. g3 c5 4. Bg2 Nc6 5. 0-0 cxd4 6. Nxd4 d5 7. c4 Bc5 8. Nb3 Be7 9. cxd5 exd5 10. Nc3 Be6 11. Na4 0-0 12. Nac5 Bf5 13. Bd2 Qb6 14. Rc1 Rad8 15. Qe1 Ne4 16. Be3 Nxc5 17. Bxc5 Bxc5 18. Rxc5 Be4 19. Qd2 Bxg2 20. Kxg2 Rfe8 21. Re1 d4 22. Kf1 a5 23. Rh5 a4 24. Nc5 Ne5 25. Nd3 Qc6 26. f3 Nc4 27. Qf4 Ne3+ 28. Kf2 Qd6 29. Qxd6 Rxd6 30. Ra5 Rh6 31. h4 f6 32. Rxa4 g5 33. Rh1 gxh4 34. Rxh4 Rxh4 35. gxh4 Rd8 36. Rb4 Rd7 37. Nc5 Rd5 38. Nxb7 Nc2 39. Rb6 Rh5 40. Kg3 Re5 41. Kf2 Ne3 42. a4 Rh5 43. Rxf6 Rxh4 44. Kg3 Rh1 45. b4 Rg1+ 46. Kh3 Re1 47. a5 Rxe2 48. Rd6 Nf1 49. Kg4 Ne3+ 50. Kf4 1-0

[Event "Troisdorf op"]
[Site "Troisdorf"]
[Date "2006.12.05"]
[Round "7"]
[White "Kaganowski, Alexander"]
[Black "Schott, Guido"]
[Result "1-0"]
[WhiteElo "1967"]
[BlackElo "2066"]
[PlyCount "81"]
[EventDate "2006.10.24"]
[EventType "swiss"]
[EventRounds "7"]
[EventCountry "GER"]
[SourceTitle "EXT 2011"]
[Source "ChessBase"]
[SourceDate "2010.11.26"]
[SourceVersion "1"]
[SourceVersionDate "2010.11.26"]
[SourceQuality "1"]

1. c4 c5 2. Nf3 Nc6 3. d4 cxd4 4. Nxd4 g6 5. e4 Bg7 6. Be3 Nf6 7. Nc3 Ng4 8. Qxg4 Bxd4 9. Bxd4 Nxd4 10. Qd1 Ne6 11. Qd2 Qa5 12. Be2 d6 13. 0-0 Bd7 14. Rfd1 Rc8 15. a3 Qg5 16. Qxg5 Nxg5 17. h4 Ne6 18. b4 h5 19. Rac1 b6 20. Nd5 Bc6 21. f4 Kd8 22. g3 Bxd5 23. Rxd5 Kc7 24. f5 gxf5 25. exf5 Nd8 26. c5 Kb8 27. f6 exf6 28. Rxd6 Ne6 29. c6 Rc7 30. b5 f5 31. Rf1 f4 32. gxf4 Nc5 33. Bf3 Re7 34. Kf2 Ne4+ 35. Bxe4 Rxe4 36. Rf6 Rhe8 37. Rxf7 Re2+ 38. Kg3 Rg8+ 39. Kf3 Rge8 40. f5 R8e4 41. Rd1 1-0

[Event "Troisdorf op"]
[Site "Troisdorf"]
[Date "2006.11.28"]
[Round "6"]
[White "Kaganowski, Alexander"]
[Black "Akstinat, Sven Holger"]
[Result "1-0"]
[WhiteElo "1967"]
[BlackElo "2048"]
[PlyCount "143"]
[EventDate "2006.10.24"]
[EventType "swiss"]
[EventRounds "7"]
[EventCountry "GER"]
[SourceTitle "EXT 2011"]
[Source "ChessBase"]
[SourceDate "2010.11.26"]
[SourceVersion "1"]
[SourceVersionDate "2010.11.26"]
[SourceQuality "1"]

1. d4 d5 2. Bg5 c6 3. e3 Bf5 4. Nd2 h6 5. Bh4 Nf6 6. c4 e6 7. Qb3 Qb6 8. Bxf6 gxf6 9. Ne2 Nd7 10. c5 Qc7 11. Qc3 h5 12. Ng3 Bg6 13. h4 Be7 14. Be2 0-0-0 15. b4 Rdg8 16. Ngf1 Be4 17. Nxe4 dxe4 18. g3 f5 19. a4 Bf6 20. Qb3 Rd8 21. Rd1 Nf8 22. Bc4 Kb8 23. b5 Ng6 24. Nd2 Rd7 25. bxc6 Rdd8 26. cxb7 Qxb7 27. Rb1 Qxb3 28. Rxb3+ Kc7 29. Ke2 Rb8 30. Bb5 Ne7 31. Rhb1 Nd5 32. Bc4 Be7 33. Bxd5 exd5 34. Rxb8 Rxb8 35. Rxb8 Kxb8 36. Nb3 Bd8 37. Kd2 a5 38. Nc1 Kb7 39. Ne2 Bc7 40. Nc3 Kc6 41. Ke2 Bd8 42. Nb5 Be7 43. Kf1 Bf8 44. Ke1 Be7 45. Kd2 Bf8 46. Nc3 Bg7 47. Ne2 Bh6 48. Ng1 Kd7 49. Nh3 Ke7 50. Ke2 f6 51. f4 Ke6 52. Kf2 Bf8 53. Ng1 Be7 54. Ne2 Bd8 55. Nc3 Be7 56. c6 Kd6 57. Nxd5 Bd8 58. c7 Bxc7 59. Nxc7 Kxc7 60. Ke2 Kc6 61. Kd2 Kd6 62. Kc3 Kd5 63. Kb3 Kd6 64. Kc4 Kc6 65. d5+ Kd6 66. Kd4 Kd7 67. Kc5 Kc7 68. d6+ Kd7 69. Kd5 Kd8 70. Ke6 Ke8 71. Kxf6 Kd7 72. Ke5 1-0

[Event "Troisdorf op"]
[Site "Troisdorf"]
[Date "2006.10.24"]
[Round "1"]
[White "Schreiber, Peter"]
[Black "Kaganowski, Alexander"]
[Result "0-1"]
[WhiteElo "1711"]
[BlackElo "1967"]
[PlyCount "48"]
[EventDate "2006.10.24"]
[EventType "swiss"]
[EventRounds "7"]
[EventCountry "GER"]
[SourceTitle "EXT 2011"]
[Source "ChessBase"]
[SourceDate "2010.11.26"]
[SourceVersion "1"]
[SourceVersionDate "2010.11.26"]
[SourceQuality "1"]

1. e4 Nf6 2. e5 Nd5 3. d4 d6 4. c4 Nb6 5. exd6 exd6 6. Bd3 Be7 7. Ne2 Nc6 8. 0-0 0-0 9. a3 Bf6 10. Be3 Re8 11. Nbc3 Bg4 12. f3 Rxe3 13. fxg4 d5 14. cxd5 Nxd5 15. Bc4 Nxc3 16. bxc3 h6 17. Qc2 Qe7 18. Ng3 Rxc3 19. Bxf7+ Qxf7 20. Qxc3 Bxd4+ 21. Qxd4 Qxf1+ 22. Kxf1 Nxd4 23. Rc1 Rf8+ 24. Ke1 c6 0-1

[Event "Troisdorf op"]
[Site "Troisdorf"]
[Date "2005.11.08"]
[Round "3.11"]
[White "Kaganowski, Alexander"]
[Black "Cohnen, Michael"]
[Result "1-0"]
[WhiteElo "1918"]
[BlackElo "1779"]
[PlyCount "145"]
[EventDate "2005.10.18"]
[EventType "swiss"]
[EventRounds "7"]
[EventCountry "GER"]
[SourceTitle "EXT 2006"]
[Source "ChessBase"]
[SourceDate "2005.11.24"]
[SourceVersion "1"]
[SourceVersionDate "2005.11.24"]
[SourceQuality "1"]

1. e4 c5 2. c3 d5 3. exd5 Qxd5 4. Nf3 Bg4 5. Qa4+ Bd7 6. Qb3 Qxb3 7. axb3 Nc6 8. Bb5 a6 9. 0-0 Rc8 10. Be2 Nf6 11. d3 e6 12. Bf4 Be7 13. Nbd2 0-0 14. Nc4 Nh5 15. Be3 Nf6 16. Nb6 Rcd8 17. Na4 Nd5 18. Bxc5 Bxc5 19. Nxc5 Nf4 20. Rfe1 Bc8 21. d4 Nxe2+ 22. Rxe2 Nb8 23. Ne5 b6 24. Ne4 Bb7 25. f3 Nd7 26. Nc4 a5 27. Ne3 Ba6 28. Rd2 Bb7 29. Rad1 Bxe4 30. fxe4 Nf6 31. e5 Nd5 32. Nc4 Ra8 33. Ra1 Rfd8 34. g3 h6 35. Kf2 Rab8 36. Ne3 Rbc8 37. Nc2 Ne7 38. Rdd1 Kf8 39. b4 Nc6 40. b5 Ne7 41. Ne3 Nd5 42. Ra4 Rc7 43. Nxd5 exd5 44. Ke3 Rdc8 45. Kd3 Ke7 46. Rc1 f6 47. exf6+ Kxf6 48. c4 Ke7 49. b3 Kd6 50. Re1 Rf8 51. Re3 Rf2 52. h4 Rcf7 53. cxd5 Kxd5 54. Rc4 Rb2 55. Re5+ Kd6 56. Rc6+ Kd7 57. Kc3 Rff2 58. Rxb6 Rfd2 59. Kc4 Rdc2+ 60. Kd5 Rxb3 61. Rd6+ Kc7 62. Re7+ Kc8 63. Rc6+ Rxc6 64. bxc6 Rxg3 65. Kd6 Rg6+ 66. Kc5 a4 67. Ra7 Rg4 68. Rxa4 Rxh4 69. Ra8+ Kc7 70. Ra7+ Kc8 71. Rxg7 Rh1 72. d5 Rf1 73. Rg8+ 1-0